000
00285nam a22001217a 4500
003
SGT
082
_a
617.7
_b
S04B
100
_a
BLUMENTHAL, MICHAEL
245
_a
SAMLL INCISION MANUAL CATARACT SURGERY
260
_a
HIGHLIGHT
_b
OPHTH. PHARMA
_c
2004
300
_a
158
942
_2
ddc
_c
BK
999
_c
14733
_d
14733